Inter Milan : 11 du XXème siècle - Statistiques

Statistiques générales
  • Ce quiz a été pris 42 fois
  • Le résultat moyen est 4 sur 12
Statistiques - réponses
Postes Pays Années de passage Joueurs % Correct
Défenseur Droit Argentine 1995-2014 Javier Zanetti
91%
Attaquant Brésil 1997-2002 Ronaldo Nazario
89%
Attaquant Italie 1927-1940-1946-1947 Giuseppe Meazza
63%
Milieu de terrain RFA 1988-1992 Lothar Matthäus
57%
Milieu de terrain Espagne 1961-1970 Luis Suárez
34%
Défenseur Gauche Italie 1960-1978 Giacinto Facchetti
31%
Défenseur Central Italie 1979-1999 Giuseppe Bergomi
26%
Gardien Italie 1978-1994 Walter Zenga
20%
Entraîneur Argentine 1960-1968/1973-1974 Helenio Herrera
14%
Milieu Offensif Italie 1961-1977 Sandro Mazzola
14%
Attaquant Italie 1976-1988 Alessandro Altobelli
9%
Défenseur Central Italie 1962-1974 Tarcisio Burgnich
0%
Aucun quiz correspondant
Distribution des résultats
% des personnes avec chaque résultat
Percentile par nombre de réponses
Votre historique - résultats
Vous n’avez pas pris ce quiz